| 000 | 01224nam a2200253 i 4500 | ||
|---|---|---|---|
| 001 | 28983 | ||
| 003 | ES-MaACL | ||
| 005 | 20230909063104.0 | ||
| 007 | t| | ||
| 008 | 030120s1891 sp ||||1| spa d | ||
| 080 | _a821.134.1-23"18" | ||
| 100 | 1 |
_aBalaguer, Víctor, _d1824-1901 _924806 |
|
| 245 | 1 | 0 |
_aTragedias _b: texto catalán y traducciones en verso castellano por distinguidos poetas / _cVíctor Balaguer. |
| 260 |
_aBarcelona : _b[s.n.], _c1891 ( _fTipo-Litogr. de Luis Tasso) |
||
| 300 |
_a2 v. ; _c22 cm. |
||
| 490 | 1 |
_aObras de Víctor Balaguer ; _v28-29 |
|
| 505 | 0 | _a1. La muerte de Aníbal ; Coriolano ; La sombra de César ; La fiesta de Tíbulo ; La muerte de Nerón. Safo ; La tragedia de Llivia ; La última hora de Colón - 2. El guante del degollado. Los esponsales de la muerta ; Los Pirineos: trilogía precedida de un prólogo | |
| 530 | _aDisponible en formato digital. | ||
| 546 | _aTexto en catalán y traducción en castellano; introducción en castellano. | ||
| 830 | 1 |
_aObras de Víctor Balaguer ; _v28-29 _9181206 |
|
| 852 |
_aES-MaACL _jB-384-85 |
||
| 856 |
_uhttp://bdh-rd.bne.es/viewer.vm?id=0000022913&page=1 _zBiblioteca Digital Hispánica |
||
| 999 |
_c28983 _d28983 |
||